[Event "Parma Province-ch"]
[Site "Salsomaggiore Terme"]
[Date "2016.03.20"]
[Round "5"]
[White "Mantovani, Celso"]
[Black "Fischetti, Luciano"]
[Result "0-1"]
[WhiteElo "1221"]
[BlackElo "1552"]
[PlyCount "60"]
[EventDate "2016.03.18"]
[EventType "swiss"]
[EventRounds "5"]
[EventCountry "ITA"]
[SourceTitle "EXT 2018"]
[Source "ChessBase"]
[SourceDate "2017.10.13"]
[SourceVersion "1"]
[SourceVersionDate "2017.10.13"]
[SourceQuality "1"]

1. e4 c5 2. Nc3 e6 3. d3 Nc6 4. Nf3 h6 5. b3 g6 6. Bb2 Bg7 7. Rb1 d6 8. Be2 Nge7 9. a3 a6 10. 0-0 e5 11. Qe1 Be6 12. Nd1 Qd7 13. a4 0-0 14. Kh1 f5 15. Nh4 g5 16. Nf3 f4 17. Nd2 g4 18. f3 Bf6 19. Rg1 Ng6 20. Nf1 h5 21. fxg4 hxg4 22. g3 f3 23. Nc3 Bg5 24. Nd1 Rf7 25. Nc3 Raf8 26. Qd1 Nd4 27. Bc1 Bxc1 28. Rxc1 Rh7 29. Nd2 Rxh2+ 30. Kxh2 Qh7# 0-1